|
|
|
|
| LEADER |
00000nab a2200000 a 4500 |
| 001 |
vtls010717753 |
| 003 |
SK-MaSNL |
| 005 |
20260304192229.0 |
| 008 |
250709s1995 xo |||||||||||||||||slo| |
| 035 |
|
|
|a (urnnbn)urn:nbn:sk:snk:ar-a04ohj
|
| 035 |
|
|
|a (uuid)af7b4c7f-8b26-4e7e-8dcc-c66b1f169135
|
| 035 |
|
|
|a urn:nbn:sk:snk-ab3jg5
|
| 040 |
|
|
|a SNKBUCL
|b slo
|c SNKBUCL
|e AACR2
|
| 041 |
0 |
|
|a slo
|
| 044 |
|
|
|a xo
|c SK
|
| 100 |
1 |
|
|a Kološta, Miroslav
|4 aut
|9 11027
|
| 245 |
1 |
0 |
|a KONZUMNÉ MLIEKO - SÚČASNÝ STAV A PERSPEKTÍVY
|c M. Kološta
|
| 773 |
0 |
|
|t Mliekarstvo : bulletin pre internú potrebu výrobcov a spracovateľov mlieka
|g Roč. 26, č. 1 (1995), s. 19-21
|
| 850 |
|
|
|a Slovenská národná knižnica
|
| 852 |
|
|
|a Slovenská národná knižnica
|
| 954 |
|
|
|a odborná, vedecká literatúra pôvodná (slovenská)
|2 lita
|
| 958 |
|
|
|a article1
|
| 958 |
|
|
|a OND
|
| 958 |
|
|
|a EUIPO
|
| 999 |
|
|
|c 3060149
|d 3062079
|